[Event "DVM U20 2010"]
[Site "Osnabrück GER"]
[Date "2010.12.28"]
[Round "3"]
[White "Gehle, Philipp"]
[Black "Karmann, Anna"]
[Result "1/2-1/2"]
[Termination "normal"]
[Board "4.6"]
[WhiteElo "1497"]
[BlackElo "1935"]
[WhiteTeam "Schachfreunde Paderborn 2000"]
[BlackTeam "SG Porz"]
[PlyCount "96"]
[BlackFideId "24648000"]
[EventCountry "GER"]
[EventRounds "7"]
[EventType "team-swiss"]
[EventDate "2010.12.26"]

1. e4 c6 2. Nf3 d5 3. exd5 cxd5 4. d4 Nf6 5. Bd3 Nc6 6. c3 Bg4 7. h3 Bxf3 8.
Qxf3 e6 9. Bf4 g6 10. Qe3 h6 11. Nd2 Bg7 12. Bc2 Qe7 13. Nf3 Nd7 14. Nd2 Rc8
15. Qg3 Qf6 16. Nf3 O-O 17. O-O b5 18. Rac1 a5 19. Bd6 Rfe8 20. a3 b4 21. axb4
axb4 22. Bxb4 Nxb4 23. cxb4 Nb6 24. Bd3 Qe7 25. b5 Qb4 26. Rb1 Nc4 27. b3 Na3
28. Rb2 Nxb5 29. Bxb5 Qxb5 30. Rfb1 Rc3 31. Qf4 g5 32. Qd2 Rec8 33. Kh2 Qb6 34.
Kg1 f6 35. Re1 R8c6 36. Reb1 Bf8 37. Qd1 Kg7 38. Kh2 Qc7+ 39. g3 Rc2 40. Kg2
Bd6 41. Rxc2 Rxc2 42. Kf1 Qc3 43. Kg1 Kg6 44. b4 Bxb4 45. Kg2 Ba5 46. Ra1 Bc7
47. Ra6 Kg7 48. Qb1 Qc4 1/2-1/2

[Event "DVM U20 2010"]
[Site "Osnabrück GER"]
[Date "2010.12.28"]
[Round "3"]
[White "Meier, Lars"]
[Black "Borgmeyer, Max"]
[Result "0-1"]
[Termination "normal"]
[Board "5.1"]
[WhiteElo "1978"]
[BlackElo "2170"]
[WhiteTeam "SK Gründau"]
[BlackTeam "Koenigsspringer SC 1984"]
[PlyCount "116"]
[WhiteFideId "24602396"]
[BlackFideId "24615870"]
[EventCountry "GER"]
[EventRounds "7"]
[EventType "team-swiss"]
[EventDate "2010.12.26"]

1. e4 c5 2. c3 Nf6 3. e5 Nd5 4. d4 cxd4 5. Nf3 Nc6 6. cxd4 d6 7. Bc4 dxe5 8.
dxe5 Ndb4 9. Qxd8+ Nxd8 10. Na3 a6 11. O-O e6 12. Nd4 Ndc6 13. Nxc6 Nxc6 14.
Bf4 Bc5 15. Nc2 b5 16. Be2 Bb7 17. Bf3 Nd8 18. Bxb7 Nxb7 19. b4 Bb6 20. a4 Ke7
21. axb5 axb5 22. Na3 Ra4 23. Nxb5 Rxb4 24. Nd6 Nxd6 25. exd6+ Kd7 26. Rfb1
Rxb1+ 27. Rxb1 Rb8 28. Kf1 f6 29. Ke2 e5 30. Be3 Ba7 31. Ra1 Bxe3 32. Kxe3 Rb7
33. Ra6 Ke6 34. f4 Rd7 35. fxe5 fxe5 36. h3 Rxd6 37. Ra7 Kf6 38. Ra2 Rb6 39.
Rf2+ Ke6 40. Ra2 h5 41. Ke4 Rb4+ 42. Ke3 Kf5 43. Rf2+ Rf4 44. Ra2 Re4+ 45. Kf3
Rb4 46. Ra3 g5 47. Ra8 e4+ 48. Kf2 Rb2+ 49. Ke3 Rb3+ 50. Kf2 e3+ 51. Kf1 Kf4
52. Rh8 Rb1+ 53. Ke2 Rb2+ 54. Kf1 Rf2+ 55. Kg1 Kg3 56. Rxh5 Rxg2+ 57. Kh1 g4
58. hxg4 Rd2 0-1

[Event "DVM U20 2010"]
[Site "Osnabrück GER"]
[Date "2010.12.28"]
[Round "3"]
[White "Lock, Adrian"]
[Black "Schulte, Marius"]
[Result "1/2-1/2"]
[Termination "normal"]
[Board "5.2"]
[WhiteElo "2022"]
[BlackElo "1891"]
[WhiteTeam "Koenigsspringer SC 1984"]
[BlackTeam "SK Gründau"]
[PlyCount "31"]
[WhiteFideId "24651290"]
[BlackFideId "24682470"]
[EventCountry "GER"]
[EventRounds "7"]
[EventType "team-swiss"]
[EventDate "2010.12.26"]

1. e4 d5 2. exd5 Qxd5 3. Nc3 Qd6 4. d4 Nf6 5. Nf3 Bg4 6. Be3 a6 7. h3 Bh5 8.
Be2 Nc6 9. Qd2 O-O-O 10. O-O-O e6 11. Ne5 Nxe5 12. dxe5 Qxd2+ 13. Rxd2 Bxe2 14.
Rxe2 Nd5 15. Nxd5 Rxd5 16. f4 1/2-1/2

[Event "DVM U20 2010"]
[Site "Osnabrück GER"]
[Date "2010.12.28"]
[Round "3"]
[White "Hahn, Florian"]
[Black "Maiorov, Daniel"]
[Result "0-1"]
[Termination "normal"]
[Board "5.3"]
[WhiteElo "2033"]
[BlackElo "1980"]
[WhiteTeam "SK Gründau"]
[BlackTeam "Koenigsspringer SC 1984"]
[PlyCount "72"]
[WhiteFideId "24659720"]
[BlackFideId "24646920"]
[EventCountry "GER"]
[EventRounds "7"]
[EventType "team-swiss"]
[EventDate "2010.12.26"]

1. c4 Nf6 2. g3 Nc6 3. d4 e5 4. Nf3 Bb4+ 5. Bd2 Qe7 6. dxe5 Ne4 7. Qc2 Nxd2 8.
Nbxd2 Nxe5 9. Bg2 O-O 10. a3 Bxd2+ 11. Nxd2 d6 12. O-O Rb8 13. Rac1 Be6 14. c5
d5 15. b4 c6 16. Rfe1 f5 17. e3 Qc7 18. Nf3 Rbe8 19. Nd4 Bc8 20. Red1 Rf6 21.
b5 h5 22. h4 Qa5 23. Qb3 Kh8 24. a4 Qc7 25. Rb1 Ng4 26. bxc6 bxc6 27. Qb8 Qe7
28. Qb4 Nxf2 29. Kxf2 Qxe3+ 30. Kf1 Ba6+ 31. Nb5 cxb5 32. axb5 f4 33. g4 f3 34.
Rd2 Bxb5+ 35. Qxb5 fxg2+ 36. Kxg2 Qxd2+ 0-1

[Event "DVM U20 2010"]
[Site "Osnabrück GER"]
[Date "2010.12.28"]
[Round "3"]
[White "Raider, Eugen"]
[Black "Tautz, Hendrik"]
[Result "1-0"]
[Termination "normal"]
[Board "5.4"]
[WhiteElo "1905"]
[BlackElo "1751"]
[WhiteTeam "Koenigsspringer SC 1984"]
[BlackTeam "SK Gründau"]
[PlyCount "51"]
[WhiteFideId "24657352"]
[BlackFideId "4677536"]
[EventCountry "GER"]
[EventRounds "7"]
[EventType "team-swiss"]
[EventDate "2010.12.26"]

1. e4 c5 2. a3 e6 3. b4 Nf6 4. e5 Nd5 5. c4 Nb6 6. bxc5 Bxc5 7. d4 Be7 8. Qg4
Rg8 9. Bd3 g6 10. Be3 f6 11. Qh3 Rg7 12. f4 Nc6 13. Nf3 d6 14. Qh6 Rf7 15. O-O
f5 16. exd6 Bxd6 17. Ng5 Bf8 18. Nxf7 Bxh6 19. Nxd8 Nxd8 20. Nc3 Bg7 21. Nb5
Kd7 22. Rad1 Na4 23. d5 exd5 24. cxd5 Nb2 25. Rc1 Ke8 26. Nc7+ 1-0

[Event "DVM U20 2010"]
[Site "Osnabrück GER"]
[Date "2010.12.28"]
[Round "3"]
[White "Felczer, David"]
[Black "Langmann, Markus"]
[Result "0-1"]
[Termination "normal"]
[Board "5.5"]
[WhiteElo "1504"]
[BlackElo "1922"]
[WhiteTeam "SK Gründau"]
[BlackTeam "Koenigsspringer SC 1984"]
[PlyCount "72"]
[WhiteFideId "24659738"]
[BlackFideId "24651281"]
[EventCountry "GER"]
[EventRounds "7"]
[EventType "team-swiss"]
[EventDate "2010.12.26"]

1. e4 e6 2. d4 d5 3. exd5 exd5 4. Bd3 Bd6 5. c3 c6 6. Qf3 Nf6 7. Bf4 O-O 8.
Bxd6 Qxd6 9. Ne2 Bg4 10. Qg3 Qe6 11. f3 Bf5 12. Bxf5 Qxf5 13. O-O Qc2 14. Qe1
Re8 15. Rf2 Qxb2 16. Nd2 Nbd7 17. Qd1 Nb6 18. a4 Re7 19. a5 Nc4 20. Nxc4 dxc4
21. Rb1 Qa3 22. Ra1 Qd6 23. Ng3 Qf4 24. Qf1 Rae8 25. Qxc4 Re1+ 26. Rf1 Qe3+ 27.
Kh1 Rxa1 28. Rxa1 h6 29. h3 Qf2 30. Kh2 h5 31. Nf5 Re2 32. Rg1 Qxf3 33. Nd6
Qf4+ 34. Kh1 Ne4 35. Nxe4 Qxe4 36. Qb3 c5 {nicht witer rekonstruirbar} 0-1

[Event "DVM U20 2010"]
[Site "Osnabrück GER"]
[Date "2010.12.28"]
[Round "3"]
[White "Stanau, Guido"]
[Black "Tautz, Jonas"]
[Result "1-0"]
[Termination "normal"]
[Board "5.6"]
[WhiteElo "1988"]
[BlackElo "1529"]
[WhiteTeam "Koenigsspringer SC 1984"]
[BlackTeam "SK Gründau"]
[PlyCount "45"]
[WhiteFideId "24692255"]
[BlackFideId "1270633"]
[EventCountry "GER"]
[EventRounds "7"]
[EventType "team-swiss"]
[EventDate "2010.12.26"]

1. e4 c5 2. Nf3 e6 3. c3 Nf6 4. e5 Nd5 5. d4 cxd4 6. cxd4 Nc6 7. a3 a6 8. Bd3
d6 9. O-O Be7 10. Re1 O-O 11. Qc2 h6 12. exd6 Bxd6 13. Nc3 Nce7 14. Ne4 Bc7 15.
Ng3 b5 16. Re4 Nf6 17. Rh4 Bxg3 18. hxg3 Nf5 19. Rh3 Nxd4 20. Nxd4 Qxd4 21. Be3
Qd6 22. Qd2 Ng4 23. Bh7+ 1-0

[Event "DVM U20 2010"]
[Site "Osnabrück GER"]
[Date "2010.12.28"]
[Round "3"]
[White "Knickel, Aaron"]
[Black "Fuhrmann, Max"]
[Result "1/2-1/2"]
[Termination "normal"]
[Board "6.1"]
[WhiteElo "2161"]
[BlackElo "2147"]
[WhiteTeam "SF Neuberg"]
[BlackTeam "SK Kelheim 1920"]
[PlyCount "76"]
[WhiteFideId "24605298"]
[BlackFideId "24620114"]
[EventCountry "GER"]
[EventRounds "7"]
[EventType "team-swiss"]
[EventDate "2010.12.26"]

1. e4 c6 2. d3 d5 3. Nd2 e5 4. Ngf3 Bd6 5. h3 Nf6 6. g3 O-O 7. Bg2 Nbd7 8. O-O
Re8 9. Re1 Nf8 10. c3 Bc7 11. Qc2 Be6 12. Nf1 Qd7 13. Ng5 dxe4 14. dxe4 Rad8
15. Ne3 Qd3 16. Qxd3 Rxd3 17. Nxe6 Nxe6 18. Bf1 Rd7 19. f3 Nc5 20. Rd1 Red8 21.
Rxd7 Rxd7 22. Kf2 Nd3+ 23. Bxd3 Rxd3 24. Ke2 Rd8 25. Bd2 Nh5 26. Nf1 g6 27. g4
Ng7 28. Ng3 f6 29. Rd1 Bb6 30. Rf1 Ne6 31. h4 Nf4+ 32. Bxf4 exf4 33. Nh1 Be3
34. Rd1 Rxd1 35. Kxd1 Kf7 36. Ke2 h5 37. Nf2 Bxf2 38. Kxf2 hxg4 1/2-1/2

[Event "DVM U20 2010"]
[Site "Osnabrück GER"]
[Date "2010.12.28"]
[Round "3"]
[White "Eibl, Maximilian"]
[Black "Seifert, Christopher"]
[Result "1/2-1/2"]
[Termination "normal"]
[Board "6.2"]
[WhiteElo "2121"]
[BlackElo "2217"]
[WhiteTeam "SK Kelheim 1920"]
[BlackTeam "SF Neuberg"]
[PlyCount "128"]
[WhiteFideId "24620092"]
[BlackFideId "24615293"]
[EventCountry "GER"]
[EventRounds "7"]
[EventType "team-swiss"]
[EventDate "2010.12.26"]

1. e4 c5 2. Nf3 e6 3. d4 cxd4 4. Nxd4 Nf6 5. Nc3 Nc6 6. Nxc6 bxc6 7. e5 Nd5 8.
Ne4 Qc7 9. f4 Qb6 10. c4 Bb4+ 11. Ke2 Ba6 12. Kf3 f5 13. exf6 Nxf6 14. Be3 Qd8
15. Qa4 Nxe4 16. Kxe4 Qa5 17. Qxa5 Bxa5 18. Bc5 Bc7 19. Rd1 d5+ 20. Kf3 Bb6 21.
Ba3 Bb7 22. cxd5 cxd5 23. Bb5+ Kf7 24. Rhe1 d4+ 25. Kg3 Bd5 26. b3 Rac8 27. Bb2
Rc2 28. Re2 Rxe2 29. Bxe2 Rc8 30. Bxd4 Rc2 31. Bf3 Bxd4 32. Rxd4 Bxf3 33. Kxf3
Rxa2 34. Ra4 Rc2 35. Rxa7+ Kg6 36. Rb7 Rc3+ 37. Kg4 h5+ 38. Kh4 Rc2 39. Kh3
Rc3+ 40. g3 Rc2 41. Rb5 Rb2 42. b4 Kf6 43. Rb6 Kf5 44. Rb5+ Kf6 45. Rb8 g5 46.
fxg5+ Kxg5 47. b5 e5 48. b6 Kg6 49. g4 hxg4+ 50. Kxg4 e4 51. Kf4 Rb4 52. Ke3
Kg7 53. Kd2 Rb1 54. Ke3 Rb4 55. Kf4 Kh7 56. h4 Kg7 57. Rb7+ Kh6 58. Ke3 Kg6 59.
Rb8 Kg7 60. h5 Kh7 61. Kf4 Kh6 62. Kf5 e3 63. Rh8+ Kg7 64. Re8 Rxb6 1/2-1/2

[Event "DVM U20 2010"]
[Site "Osnabrück GER"]
[Date "2010.12.28"]
[Round "3"]
[White "Hummel, Dennis"]
[Black "Bräutigam, Markus"]
[Result "1-0"]
[Termination "normal"]
[Board "6.3"]
[WhiteElo "2020"]
[BlackElo "1731"]
[WhiteTeam "SF Neuberg"]
[BlackTeam "SK Kelheim 1920"]
[PlyCount "63"]
[WhiteFideId "4638336"]
[BlackFideId "24620076"]
[EventCountry "GER"]
[EventRounds "7"]
[EventType "team-swiss"]
[EventDate "2010.12.26"]

1. e4 c5 2. Nc3 Nc6 3. g3 g6 4. Bg2 Bg7 5. f4 d6 6. Nf3 e6 7. O-O Nge7 8. d3
O-O 9. Be3 b6 10. d4 Bb7 11. Ne2 Qc7 12. c3 Na5 13. Nd2 Rac8 14. dxc5 dxc5 15.
Qc2 Rfd8 16. Rad1 Ba6 17. Rfe1 Rd3 18. Nc1 Rd7 19. e5 Rcd8 20. b3 Nf5 21. Bf2
g5 22. Ne4 gxf4 23. gxf4 Bb7 24. Ne2 Nc6 25. N2g3 Nxg3 26. Bxg3 Ne7 27. Bh4
Rxd1 28. Rxd1 Rxd1+ 29. Qxd1 Nd5 30. Nf6+ Nxf6 31. Bxf6 Bxg2 32. Qg4 1-0

[Event "DVM U20 2010"]
[Site "Osnabrück GER"]
[Date "2010.12.28"]
[Round "3"]
[White "Arnold, Sebastian"]
[Black "Iwanziw, Niklas"]
[Result "0-1"]
[Termination "normal"]
[Board "6.4"]
[WhiteElo "1752"]
[BlackElo "1950"]
[WhiteTeam "SK Kelheim 1920"]
[BlackTeam "SF Neuberg"]
[PlyCount "142"]
[WhiteFideId "24692603"]
[BlackFideId "24647101"]
[EventCountry "GER"]
[EventRounds "7"]
[EventType "team-swiss"]
[EventDate "2010.12.26"]

1. e4 c5 2. Nf3 d6 3. d4 cxd4 4. Nxd4 Nf6 5. Nc3 a6 6. Be3 e6 7. f3 Be7 8. Qd2
Nc6 9. O-O-O O-O 10. g4 Nxd4 11. Bxd4 b5 12. h4 Re8 13. g5 Nd7 14. Bd3 Ne5 15.
Bxe5 dxe5 16. Rdg1 b4 17. Nd1 a5 18. h5 f6 19. gxf6 Bxf6 20. Rh2 Rb8 21. Bc4
Qd4 22. Qxd4 exd4 23. f4 Bb7 24. e5 Bd8 25. Rd2 Rc8 26. Bd3 Rf8 27. Rf1 a4 28.
Kb1 Bd5 29. b3 axb3 30. cxb3 Bb6 31. Nb2 Rc7 32. Nc4 Bc5 33. Nb2 Rcf7 34. Rdf2
Be7 35. Bc4 Bxc4 36. Nxc4 Bg5 37. Nb2 Rxf4 38. Rxf4 Rxf4 39. Rxf4 Bxf4 40. Nd3
Bg3 41. Nxb4 Bxe5 42. Nc6 Bd6 43. Nxd4 e5 44. Nf5 Bc5 45. Kc2 Kf7 46. Kd3 Kf6
47. Ke4 Ba3 48. Ng3 Ke6 49. Nf5 Kf6 50. Ne3 Kg5 51. Nc4 Bc5 52. Nxe5 Kxh5 53.
a4 g5 54. Kf5 Bb4 55. Nd3 Bd2 56. Nf2 Kh4 57. Ne4 Be3 58. Nf6 h5 59. Ke4 Ba7
60. Kf3 g4+ 61. Kg2 Kg5 62. Ne4+ Kf4 63. Nd2 h4 64. Nf1 Bc5 65. a5 Bb4 66. a6
Bc5 67. b4 Bb6 68. b5 Bc5 69. Nh2 h3+ 70. Kh1 g3 71. a7 g2# 0-1

[Event "DVM U20 2010"]
[Site "Osnabrück GER"]
[Date "2010.12.28"]
[Round "3"]
[White "Bluhm, Achim"]
[Black "Zhou, Wile"]
[Result "0-1"]
[Termination "normal"]
[Board "6.5"]
[WhiteElo "1955"]
[BlackElo "1719"]
[WhiteTeam "SF Neuberg"]
[BlackTeam "SK Kelheim 1920"]
[PlyCount "74"]
[WhiteFideId "1270565"]
[BlackFideId "4695674"]
[EventCountry "GER"]
[EventRounds "7"]
[EventType "team-swiss"]
[EventDate "2010.12.26"]

1. d4 Nf6 2. Nf3 c5 3. e3 e6 4. b3 d5 5. Bd3 Nc6 6. Bb2 cxd4 7. exd4 Bb4+ 8.
Nbd2 O-O 9. a3 Be7 10. O-O b6 11. Ne5 Qc7 12. Qe2 Bb7 13. Rae1 Rac8 14. f4 Nxe5
15. fxe5 Ne4 16. Bxe4 dxe4 17. c4 a5 18. Nxe4 a4 19. Nf6+ Kh8 20. d5 exd5 21.
Nxd5 Qc5+ 22. Kh1 axb3 23. Nxe7 Qxe7 24. Qg4 Ba6 25. Rf4 Qe6 26. Qxe6 fxe6 27.
Rfe4 Bxc4 28. Kg1 Rfe8 29. Bc1 Bd5 30. R4e2 Rc6 31. Bb2 Rec8 32. Rb1 Rc2 33.
Rxc2 Rxc2 34. g3 Be4 35. Rd1 Kg8 36. Re1 Rxb2 37. Rxe4 Rc2 0-1

[Event "DVM U20 2010"]
[Site "Osnabrück GER"]
[Date "2010.12.28"]
[Round "3"]
[White "Karl, Thomas"]
[Black "Bluhm, Sonja Maria"]
[Result "0-1"]
[Termination "normal"]
[Board "6.6"]
[WhiteElo "1421"]
[BlackElo "1818"]
[WhiteTeam "SK Kelheim 1920"]
[BlackTeam "SF Neuberg"]
[PlyCount "64"]
[WhiteFideId "12927198"]
[BlackFideId "24654027"]
[EventCountry "GER"]
[EventRounds "7"]
[EventType "team-swiss"]
[EventDate "2010.12.26"]

1. d4 d5 2. c4 c6 3. Nf3 Nf6 4. Nc3 a6 5. e3 b5 6. c5 Bf5 7. Bd3 Bxd3 8. Qxd3
e6 9. Bd2 Nbd7 10. O-O Be7 11. Rfd1 O-O 12. a3 Qc7 13. b4 e5 14. Ne1 Ng4 15.
Qe2 f5 16. h3 Ngf6 17. Nc2 Ne4 18. Nxe4 fxe4 19. Rf1 Rf5 20. f3 Nf6 21. fxe4
Rxf1+ 22. Rxf1 Nxe4 23. Be1 Bf6 24. Qg4 Qe7 25. Bg3 exd4 26. exd4 a5 27. Bh2
axb4 28. axb4 Qe8 29. Re1 Ra2 30. Re2 Bxd4+ 31. Nxd4 Ra1+ 32. Re1 Rxe1# 0-1

[Event "DVM U20 2010"]
[Site "Osnabrück GER"]
[Date "2010.12.28"]
[Round "3"]
[White "Moeller, Jeremy"]
[Black "Wöllermann, Jan"]
[Result "0-1"]
[Termination "normal"]
[Board "7.1"]
[WhiteElo "1846"]
[BlackElo "2092"]
[WhiteTeam "SC 1926 Bendorf"]
[BlackTeam "Hagener SV"]
[PlyCount "116"]
[WhiteFideId "24692913"]
[BlackFideId "24661155"]
[EventCountry "GER"]
[EventRounds "7"]
[EventType "team-swiss"]
[EventDate "2010.12.26"]

1. e4 c5 2. Nf3 g6 3. c3 d5 4. exd5 Qxd5 5. d4 Bg7 6. Be3 cxd4 7. cxd4 Qa5+ 8.
Nc3 Nh6 9. Bc4 O-O 10. O-O Nf5 11. Qe2 Nxe3 12. Qxe3 Qb4 13. Bb3 Nc6 14. Rad1
Bg4 15. Nd5 Qd6 16. Rfe1 e6 17. Nc3 Na5 18. h3 Bxf3 19. Qxf3 Nxb3 20. axb3 Qb4
21. d5 Qxb3 22. d6 Qxb2 23. Ne4 b6 24. Re2 Qb5 25. Red2 Qf5 26. Qd3 a5 27. Rb1
a4 28. Qe3 a3 29. Ra2 Qd5 30. Qe2 f5 31. Ng5 Qxd6 32. Qxe6+ Qxe6 33. Nxe6 Bb2
34. Nxf8 Rxf8 35. Rbxb2 axb2 36. Rxb2 Rb8 37. f4 Kf7 38. Kf2 Ke6 39. Rb5 Kd6
40. g4 Kc6 41. Re5 fxg4 42. hxg4 Rb7 43. Ke3 b5 44. Kd3 b4 45. Kc2 b3+ 46. Kb2
Kd6 47. Rg5 Ke6 48. Re5+ Kf6 49. g5+ Kg7 50. f5 gxf5 51. Rxf5 Kg6 52. Rc5 Kh5
53. Rd5 Kg4 54. Re5 Rg7 55. Re4+ Kxg5 56. Kxb3 h5 57. Kc2 h4 58. Kd2 h3 0-1

[Event "DVM U20 2010"]
[Site "Osnabrück GER"]
[Date "2010.12.28"]
[Round "3"]
[White "Wierum, Colin"]
[Black "Schlöffel, Christian"]
[Result "0-1"]
[Termination "normal"]
[Board "7.2"]
[WhiteElo "1990"]
[BlackElo "1901"]
[WhiteTeam "Hagener SV"]
[BlackTeam "SC 1926 Bendorf"]
[PlyCount "62"]
[WhiteFideId "24677981"]
[BlackFideId "24692921"]
[EventCountry "GER"]
[EventRounds "7"]
[EventType "team-swiss"]
[EventDate "2010.12.26"]

1. e4 e5 2. Bc4 Bc5 3. Qh5 Qf6 4. f4 Qxf4 5. Nc3 Bf2+ 6. Kf1 g6 7. Qh3 Bxg1+ 8.
Kxg1 Nc6 9. d3 d6 10. Bxf4 Bxh3 11. gxh3 exf4 12. Nd5 O-O-O 13. Nxf4 Ne5 14.
Bb3 Ne7 15. Kg2 g5 16. Ne2 d5 17. Ng3 N5g6 18. Rhf1 Nf4+ 19. Kf3 d4 20. h4 h6
21. h5 Nc6 22. Kg4 Ne5+ 23. Kf5 Rde8 24. Rf2 Rhf8 25. Ne2 Nfg6 26. Nxd4 Nh4+
27. Kf6 Ng4+ 28. Kg7 Rg8+ 29. Kh7 Rh8+ 30. Kg7 Reg8+ 31. Kxf7 Nxf2 0-1

[Event "DVM U20 2010"]
[Site "Osnabrück GER"]
[Date "2010.12.28"]
[Round "3"]
[White "Sydorenko, Sascha"]
[Black "Bonacic, Jascha"]
[Result "1-0"]
[Termination "normal"]
[Board "7.3"]
[WhiteElo "1824"]
[BlackElo "1845"]
[WhiteTeam "SC 1926 Bendorf"]
[BlackTeam "Hagener SV"]
[PlyCount "58"]
[BlackFideId "24647004"]
[EventCountry "GER"]
[EventRounds "7"]
[EventType "team-swiss"]
[EventDate "2010.12.26"]

1. e4 d5 2. exd5 Qxd5 3. Nc3 Qa5 4. d4 Nf6 5. Nf3 Bg4 6. h3 Bh5 7. Bd2 c6 8.
Bd3 Nbd7 9. O-O Qc7 10. Re1 O-O-O 11. Na4 e6 12. c3 h6 (12... b5) 13. g4 Bg6
14. Bxg6 fxg6 15. Rxe6 g5 16. Kg2 Bd6 17. c4 Nf8 18. Re1 Ng6 19. d5 Bf4 20. Bb4
h5 21. gxh5 Rxh5 22. Qd3 Qd7 23. Re6 Nh4+ 24. Nxh4 Rxh4 25. Re7 Qxe7 26. Bxe7
Rdh8 27. Bxf6 gxf6 28. Qf5+ Kb8 29. dxc6 g4 1-0

[Event "DVM U20 2010"]
[Site "Osnabrück GER"]
[Date "2010.12.28"]
[Round "3"]
[White "Rieping, Heiner"]
[Black "Suderland, Stefan"]
[Result "1/2-1/2"]
[Termination "normal"]
[Board "7.4"]
[WhiteElo "1843"]
[BlackElo "1750"]
[WhiteTeam "Hagener SV"]
[BlackTeam "SC 1926 Bendorf"]
[PlyCount "81"]
[WhiteFideId "24647012"]
[BlackFideId "4648374"]
[EventCountry "GER"]
[EventRounds "7"]
[EventType "team-swiss"]
[EventDate "2010.12.26"]

1. e4 e6 2. d4 d5 3. exd5 exd5 4. Bd3 Bd6 5. Ne2 Ne7 6. Nbc3 c6 7. Bf4 Bf5 8.
Bxf5 Nxf5 9. Qd3 Bxf4 10. Nxf4 Qf6 11. O-O-O O-O 12. Nce2 Nd7 13. h4 Nd6 14. g4
Rfe8 15. Nh3 Qg6 16. Qxg6 hxg6 17. Rde1 Nf6 18. f3 Re3 19. Ng5 Rae8 20. Kd1 Nc4
21. b3 Na3 22. Rh2 Nb1 23. a4 Nh7 24. Nxh7 Kxh7 25. Rf2 Kg8 26. Rff1 Rxe2 27.
Rxe2 Nc3+ 28. Kd2 Rxe2+ 29. Kxc3 Rh2 30. Re1 Kf8 31. Kd3 Rxh4 32. c4 dxc4+ 33.
Kxc4 b6 34. d5 cxd5+ 35. Kxd5 Rh2 36. Re3 Rc2 37. Kd6 f6 38. Kd7 Kf7 39. Re7+
Kf8 40. Re8+ Kf7 41. Re7+ 1/2-1/2

[Event "DVM U20 2010"]
[Site "Osnabrück GER"]
[Date "2010.12.28"]
[Round "3"]
[White "Pretz, Dominik"]
[Black "Rethmann, Kristin"]
[Result "0-1"]
[Termination "normal"]
[Board "7.5"]
[WhiteElo "1539"]
[BlackElo "1774"]
[WhiteTeam "SC 1926 Bendorf"]
[BlackTeam "Hagener SV"]
[PlyCount "98"]
[WhiteFideId "12927210"]
[BlackFideId "24655805"]
[EventCountry "GER"]
[EventRounds "7"]
[EventType "team-swiss"]
[EventDate "2010.12.26"]

1. d4 Nf6 2. Nf3 e6 3. c4 b6 4. Bg5 h6 5. Bxf6 Qxf6 6. Nc3 Bb7 7. e3 Bb4 8. a3
Bxc3+ 9. bxc3 Nc6 10. Bd3 O-O 11. O-O Qe7 12. Re1 d6 13. e4 e5 14. a4 Ba6 15.
Re3 Na5 16. Qe2 Qe6 17. d5 Qe7 18. Rb1 Rac8 19. Nd2 c6 20. h3 Rc7 21. Rg3 Rfc8
22. Kh1 Qf6 23. Rc1 Bb7 24. Bb1 Ba6 25. Bd3 Qf4 26. Rf3 Qh4 27. Kg1 cxd5 28.
cxd5 Bxd3 29. Rxd3 Nc4 30. Nb3 Qg5 31. Ra1 Qe7 32. Rg3 Qd7 33. Kh1 a6 34. Rf3
Ra7 35. Kh2 b5 36. a5 Rf8 37. Kg1 f5 38. exf5 Rxf5 39. Rxf5 Qxf5 40. Nd2 Qc2
41. Qd1 Qxd2 42. Qxd2 Nxd2 43. f3 Rc7 44. Rc1 Nb3 45. Rc2 Nd4 46. Rd2 Rxc3 47.
Kh2 b4 48. Rd1 b3 49. Rb1 Rc5 0-1

[Event "DVM U20 2010"]
[Site "Osnabrück GER"]
[Date "2010.12.28"]
[Round "3"]
[White "Rau, Nikita"]
[Black "Weber, Dirk"]
[Result "0-1"]
[Termination "normal"]
[Board "7.6"]
[WhiteElo "1593"]
[BlackElo "1354"]
[WhiteTeam "Hagener SV"]
[BlackTeam "SC 1926 Bendorf"]
[PlyCount "48"]
[WhiteFideId "12902543"]
[EventCountry "GER"]
[EventRounds "7"]
[EventType "team-swiss"]
[EventDate "2010.12.26"]

1. d4 d5 2. Nf3 Nf6 3. e3 Bf5 4. c4 e6 5. Nc3 Nbd7 6. Be2 c6 7. O-O Bd6 8. cxd5
exd5 9. Re1 O-O 10. Nh4 Bg6 11. Nxg6 fxg6 12. e4 Nxe4 13. Nxe4 dxe4 14. Bc4+
Kh8 15. Rxe4 Nb6 16. Bb3 Qf6 17. Qe2 Rad8 18. Bd2 h6 19. Rc1 Bc7 20. Bc3 Nd5
21. Bxd5 cxd5 22. Re6 Qf4 23. Qe3 Qxh2+ 24. Kf1 Bf4 0-1

[Event "DVM U20 2010"]
[Site "Osnabrück GER"]
[Date "2010.12.28"]
[Round "3"]
[White "Olbrich, Jakob"]
[Black "Barbanera, Fabrizio"]
[Result "1/2-1/2"]
[Termination "normal"]
[Board "8.1"]
[WhiteElo "1794"]
[BlackElo "2115"]
[WhiteTeam "USV TU Dresden"]
[BlackTeam "SC Neumühl"]
[PlyCount "51"]
[BlackFideId "24657700"]
[EventCountry "GER"]
[EventRounds "7"]
[EventType "team-swiss"]
[EventDate "2010.12.26"]

1. e4 e6 2. d3 d5 3. Nd2 c5 4. Ngf3 Nc6 5. Be2 Nf6 6. O-O Be7 7. c3 O-O 8. Qc2
Qc7 9. Re1 b6 10. Bf1 Bb7 11. e5 Nd7 12. d4 Rac8 13. Bd3 g6 14. Nf1 cxd4 15.
cxd4 Nb4 16. Qd2 Nxd3 17. Qxd3 Rfe8 18. Ng5 Qc4 19. Qh3 Bxg5 20. Bxg5 Qxd4 21.
Qh6 Nxe5 22. Rad1 Qxf2+ 23. Kxf2 Ng4+ 24. Kg3 Nxh6 25. Bxh6 f6 26. Ne3 1/2-1/2

[Event "DVM U20 2010"]
[Site "Osnabrück GER"]
[Date "2010.12.28"]
[Round "3"]
[White "Teichmann, Alexander"]
[Black "Grunwald, Martin"]
[Result "1-0"]
[Termination "normal"]
[Board "8.2"]
[WhiteElo "1842"]
[BlackElo "1660"]
[WhiteTeam "SC Neumühl"]
[BlackTeam "USV TU Dresden"]
[PlyCount "57"]
[WhiteFideId "24657735"]
[BlackFideId "1270580"]
[EventCountry "GER"]
[EventRounds "7"]
[EventType "team-swiss"]
[EventDate "2010.12.26"]

1. e4 e6 2. d4 d5 3. Nc3 Nf6 4. Bg5 Be7 5. e5 Nfd7 6. Bxe7 Qxe7 7. Qh5 a6 8.
Nf3 c5 9. dxc5 Nxc5 10. O-O-O Nc6 11. Bd3 h6 12. Rhe1 Bd7 13. Qg4 O-O 14. Kb1
b5 15. Ne2 b4 16. Nf4 Kh8 17. Qh5 Be8 18. Qh3 Na5 19. g4 Nxd3 20. Rxd3 Bb5 21.
Rdd1 Rfc8 22. g5 Qf8 23. gxh6 gxh6 24. Ng5 Ra7 25. Qh4 Rc4 26. Re3 Rac7 27. Rg3
Nc6 28. Ngxe6 fxe6 29. Ng6+ 1-0

[Event "DVM U20 2010"]
[Site "Osnabrück GER"]
[Date "2010.12.28"]
[Round "3"]
[White "Schamschurko, Victor"]
[Black "Gadzali, Kevin"]
[Result "1/2-1/2"]
[Termination "normal"]
[Board "8.3"]
[WhiteElo "1749"]
[BlackElo "1687"]
[WhiteTeam "USV TU Dresden"]
[BlackTeam "SC Neumühl"]
[PlyCount "56"]
[WhiteFideId "24695637"]
[BlackFideId "12926124"]
[EventCountry "GER"]
[EventRounds "7"]
[EventType "team-swiss"]
[EventDate "2010.12.26"]

1. e4 c5 2. Nc3 d6 3. f4 g6 4. Nf3 Bg7 5. Bc4 Nf6 6. d3 Nc6 7. Bb5 Bd7 8. Bxc6
Bxc6 9. O-O O-O 10. Qe1 e6 11. Qh4 Nd7 12. Qh3 e5 13. f5 Nf6 14. g4 Qb6 15. Kh1
Rfe8 16. Rg1 d5 17. g5 dxe4 18. gxf6 exf3 19. Ne4 Bxe4 20. dxe4 f2 21. Rf1 Qxf6
22. Rxf2 Qc6 23. Qg2 Rad8 24. Be3 Rd7 25. Raf1 Red8 26. fxg6 fxg6 27. Bg5 Re8
28. Bf6 Rf7 1/2-1/2